| 000 | 00578nam a2200193 a 4500 | ||
|---|---|---|---|
| 003 | PILC | ||
| 005 | 20160226105243.0 | ||
| 008 | 080204s19uu xx 00 eng d | ||
| 020 | _a8178802600 | ||
| 050 |
_aG 155.I4 _b.N684 2006 |
||
| 100 | _aNigam, Satish Chandra. | ||
| 245 |
_aEcotourism and sustainable development / _cSatish Chandra Nigam. |
||
| 260 |
_aNew Delhi, India : _bRajat Publications, _c2006. |
||
| 300 |
_a283 pages ; _c22 cm. |
||
| 500 | _aIncludes bibliographical references and index. | ||
| 650 | _aEcotourism. | ||
| 942 |
_cBK _2lcc _kFOR |
||
| 999 |
_c22874 _d22874 |
||